[Event "Asian Cities-chT"]
[Site "Dhaka"]
[Date "2019.07.15"]
[Round "7.5"]
[White "Wahid, Hussain"]
[Black "Ahmed, Sk Nasir"]
[Result "0-1"]
[WhiteElo "1843"]
[BlackElo "2172"]
[PlyCount "152"]
[EventDate "2019.07.10"]
[EventType "team-swiss"]
[EventRounds "9"]
[EventCountry "BAN"]
[SourceTitle "EXT 2020"]
[Source "ChessBase"]
[SourceDate "2019.10.17"]
[SourceVersion "1"]
[SourceVersionDate "2019.10.17"]
[SourceQuality "1"]
[WhiteTeam "Pakpattan City"]
[BlackTeam "Dhaka"]
[WhiteTeamCountry "PAK"]
[BlackTeamCountry "BAN"]

1. d4 Nf6 2. Nf3 e6 3. c4 b6 4. g3 Bb7 5. Bg2 g6 6. 0-0 Bg7 7. Nc3 Ne4 8. Qc2 Nxc3 9. Qxc3 0-0 10. Bg5 f6 11. Bf4 d6 12. Rad1 Qe7 13. Qd2 Rf7 14. Rfe1 Nd7 15. e4 e5 16. Bh6 Raf8 17. d5 a5 18. a3 a4 19. Bxg7 Kxg7 20. Nh4 Nc5 21. h3 Bc8 22. Re2 Nb3 23. Qc3 Nd4 24. Re3 g5 25. Nf3 Nxf3+ 26. Bxf3 f5 27. exf5 Bxf5 28. Bg2 Qd7 29. f4 Bxh3 30. fxe5 dxe5 31. Rxe5 Kh6 32. Qe3 Rg7 33. Rd4 Bg4 34. Rde4 Bf5 35. Re7 Rxe7 36. Rxe7 Qd6 37. Bf1 Kg6 38. Re8 Rxe8 39. Qxe8+ Kg7 40. Kh2 Qf6 41. Qe2 Bg6 42. Bg2 h5 43. Qe3 Kh6 44. c5 bxc5 45. Qxc5 Qe5 46. Qc3 Qxc3 47. bxc3 Kg7 48. Kg1 Kf6 49. Kf2 Ke5 50. Ke3 Bc2 51. c4 Bb3 52. Kd3 Bd1 53. Bh3 Bf3 54. Bd7 Kd6 55. Bxa4 Kc5 56. Bd7 Bg2 57. Be8 h4 58. gxh4 gxh4 59. Ke3 Kxc4 60. Kf4 Kxd5 61. a4 Kc5 62. a5 Bc6 63. Bg6 Bd7 64. Bd3 Bc8 65. Bf1 Kc6 66. Be2 Kb7 67. Bc4 Ka7 68. Bf1 Bd7 69. Be2 Bc8 70. Bf1 c5 71. Bc4 Ba6 72. Be6 Bf1 73. Ke5 Ka6 74. Kd5 c4 75. Kd4 Kxa5 76. Kc3 Kb5 0-1

[Event "Asian Cities-chT"]
[Site "Dhaka"]
[Date "2019.07.13"]
[Round "4.2"]
[White "Bhandari, Kshitiz"]
[Black "Wahid, Hussain"]
[Result "1-0"]
[WhiteElo "2026"]
[BlackElo "1843"]
[PlyCount "101"]
[EventDate "2019.07.10"]
[EventType "team-swiss"]
[EventRounds "9"]
[EventCountry "BAN"]
[SourceTitle "EXT 2020"]
[Source "ChessBase"]
[SourceDate "2019.10.17"]
[SourceVersion "1"]
[SourceVersionDate "2019.10.17"]
[SourceQuality "1"]
[WhiteTeam "Kathmandu"]
[BlackTeam "Pakpattan City"]
[WhiteTeamCountry "NEP"]
[BlackTeamCountry "PAK"]

1. d4 Nf6 2. c4 e6 3. g3 Bb4+ 4. Bd2 Bxd2+ 5. Nxd2 d5 6. Ngf3 b6 7. Bg2 Bb7 8. Ne5 0-0 9. 0-0 Nbd7 10. cxd5 exd5 11. f4 c5 12. e3 Ne4 13. Nxe4 dxe4 14. Nxd7 Qxd7 15. dxc5 Qxd1 16. Rfxd1 bxc5 17. Rd7 Bc6 18. Rc7 Rac8 19. Rxa7 f5 20. Rd1 Rfd8 21. Rxd8+ Rxd8 22. Ra5 Rd1+ 23. Bf1 Rc1 24. b3 Kf7 25. Kf2 Rc2+ 26. Ke1 Bd5 27. Be2 Be6 28. h3 g6 29. g4 fxg4 30. hxg4 h6 31. Ra4 Bd5 32. Bd1 Rc3 33. Kd2 Rd3+ 34. Ke2 Be6 35. Rxe4 c4 36. bxc4 Ra3 37. Bb3 Bxg4+ 38. Kf2 Be6 39. Re5 Ra7 40. Rb5 Rd7 41. c5 Rc7 42. e4 Ke7 43. Ke3 Bd7 44. Ra5 h5 45. Bd5 h4 46. Kf3 h3 47. Kg3 Rc8 48. e5 Rb8 49. Ra7 Ke8 50. e6 Bc8 51. Bc6+ 1-0

[Event "Asian Cities-chT"]
[Site "Dhaka"]
[Date "2019.07.12"]
[Round "3.6"]
[White "Wahid, Hussain"]
[Black "Teh, Wee Zhun"]
[Result "0-1"]
[WhiteElo "1843"]
[BlackElo "1893"]
[PlyCount "102"]
[EventDate "2019.07.10"]
[EventType "team-swiss"]
[EventRounds "9"]
[EventCountry "BAN"]
[SourceTitle "EXT 2020"]
[Source "ChessBase"]
[SourceDate "2019.10.17"]
[SourceVersion "1"]
[SourceVersionDate "2019.10.17"]
[SourceQuality "1"]
[WhiteTeam "Pakpattan City"]
[BlackTeam "Shah Alam"]
[WhiteTeamCountry "PAK"]
[BlackTeamCountry "MAS"]

1. d4 d5 2. c4 c6 3. Nc3 dxc4 4. a4 e5 5. dxe5 Qxd1+ 6. Nxd1 Na6 7. Bd2 Nb4 8. Rc1 b5 9. Nc3 a6 10. g3 Bf5 11. Bg2 Rc8 12. Nf3 Bc5 13. Nh4 Be6 14. 0-0 f5 15. e4 g6 16. exf5 gxf5 17. Bh3 Ne7 18. Bg5 Nd3 19. Rc2 Kd7 20. Bxe7 Bxe7 21. Nxf5 Rcf8 22. g4 Rhg8 23. Nxe7 Kxe7 24. f3 Nxe5 25. Bg2 Nd3 26. Re2 Kd7 27. Rd1 Bd5 28. Rf1 b4 29. Nd1 Nf4 30. Rd2 Nxg2 31. Rxg2 Bxf3 32. Rd2+ Bd5 33. Rxf8 Rxf8 34. Ne3 Rf4 35. Nxd5 Rxg4+ 36. Kf2 cxd5 37. Rxd5+ Kc6 38. Rh5 c3 39. bxc3 b3 40. Rh6+ Rg6 41. Rh4 Kc5 42. a5 Rd6 43. Ke2 b2 44. Rb4 Rh6 45. Kd3 Rxh2 46. Rb8 h5 47. c4 Rg2 48. Kc3 h4 49. Rc8+ Kd6 50. Rd8+ Kc7 51. Rd1 h3 0-1

[Event "Olympiad-42"]
[Site "Baku"]
[Date "2016.09.03"]
[Round "2.3"]
[White "Adebo, Muhaba Detamo"]
[Black "Wahid, Hussain"]
[Result "0-1"]
[WhiteElo "1944"]
[BlackElo "2018"]
[PlyCount "200"]
[EventDate "2016.09.02"]
[EventType "team-swiss"]
[EventRounds "11"]
[EventCountry "AZE"]
[SourceTitle "CBM 175"]
[Source "ChessBase"]
[SourceDate "2016.11.10"]
[SourceVersion "1"]
[SourceVersionDate "2016.11.10"]
[SourceQuality "1"]
[WhiteTeam "Ethiopia"]
[BlackTeam "Pakistan"]
[WhiteTeamCountry "ETH"]
[BlackTeamCountry "PAK"]

1. c4 c6 2. Nc3 d5 3. cxd5 cxd5 4. d4 Nc6 5. Nf3 Nf6 6. Bg5 e6 7. e3 Be7 8. Rc1 Qa5 9. a3 Ne4 10. Bxe7 Nxe7 11. Bb5+ Kf8 12. Bd3 Nxc3 13. Rxc3 f6 14. 0-0 Bd7 15. Qc2 Kf7 16. Rc1 Rac8 17. b4 Rxc3 18. Qxc3 Qb6 19. Qd2 Nc6 20. Rc5 Qd8 21. h3 Qb8 22. Qc2 Ne7 23. Nh4 g6 24. Nf3 b6 25. Rc3 Rc8 26. Ba6 Rxc3 27. Qxc3 b5 28. Qc5 Nf5 29. Nd2 Nd6 30. Nb3 Qb6 31. Qxb6 axb6 32. Nd2 Ke7 33. Kf1 Kd8 34. Nb1 Kc7 35. Nc3 Kb8 36. a4 bxa4 37. Bd3 b5 38. Ke2 Kc7 39. Kd2 Kc6 40. f4 Kb6 41. g4 Bc6 42. Kc2 Kc7 43. Kd2 Kd8 44. Ke2 Ke7 45. Kf3 Kf7 46. Ke2 Kg7 47. g5 fxg5 48. fxg5 Kf7 49. Kf3 e5 50. Kf2 e4 51. Bf1 Ke6 52. Kg3 a3 53. Be2 Nc4 54. Kf4 Nb2 55. Na2 Nd3+ 56. Kg3 Bd7 57. h4 Kd6 58. Bd1 Bf5 59. Be2 Ke7 60. Bf1 Kd8 61. Be2 Kc7 62. Bf1 Kb6 63. Be2 Bd7 64. Bd1 Ka6 65. Bb3 Be6 66. Bd1 Kb6 67. Bb3 Kc7 68. Bd1 Bd7 69. Bb3 Bc6 70. Bd1 Kd6 71. Bb3 Ke7 72. Bd1 Kf7 73. Bb3 Kg7 74. Bd1 h6 75. Be2 h5 76. Bf1 Bd7 77. Be2 Kf7 78. Bd1 Ke6 79. Be2 Kd6 80. Bd1 Kc6 81. Bb3 Bg4 82. Bc2 Be2 83. Bb3 Nb2 84. Kf2 Bc4 85. Bxc4 bxc4 86. Ke2 Kb5 87. Kd2 Na4 88. Kc2 Kc6 89. Kd2 Kd6 90. Kc2 Ke6 91. Nc1 Kf5 92. Na2 Kg4 93. Nc3 Nb6 94. Kb1 Kxh4 95. Ka2 Kxg5 96. Kxa3 h4 97. Na4 Nd7 98. Nc5 Nb8 99. Ne6+ Kf5 100. Nf4 g5 0-1